000 00393cam a2200169ua 4500
020 _c2.00
041 _amal
_h
082 _a808.86
_bPAI/VI
100 _aPylee, M V .
245 _aVideshathuninnum kure kathukal /
_cM V Pylee.
_hTextual Documents
260 _a :
_bM V Pylee ,
_c1963.
300 _a173 ; .
365 _a2.00
504 _a
942 _cBK
999 _c6136
_d6136